[Event "Mittelfranken-chTB2b 1415"]
[Site "Mittelfranken"]
[Date "2014.09.28"]
[Round "1.8"]
[White "Dorner, Hans"]
[Black "Niklaus, Guenter"]
[Result "1/2-1/2"]
[WhiteElo "1616"]
[BlackElo "1870"]
[PlyCount "54"]
[EventDate "2014.09.28"]
[EventType "team-tourn"]
[EventRounds "9"]
[EventCountry "GER"]
[SourceTitle "EXT 2020"]
[Source "ChessBase"]
[SourceDate "2019.10.17"]
[SourceVersion "1"]
[SourceVersionDate "2019.10.17"]
[SourceQuality "1"]
[WhiteTeam "Heideck/Hilpoltstein"]
[BlackTeam "Muehlhof/Schwabach"]
[WhiteTeamCountry "GER"]
[BlackTeamCountry "GER"]

1. e4 e6 2. d4 d5 3. Nc3 Bb4 4. e5 c5 5. Bd2 Bd7 6. Nb5 Bxb5 7. Bxb5+ Nc6 8. Bxb4 cxb4 9. Qg4 Kf8 10. Bxc6 bxc6 11. Ne2 Nh6 12. Qf3 g6 13. 0-0 Kg7 14. Rac1 Rb8 15. b3 Qe7 16. c3 Rhc8 17. cxb4 Rxb4 18. Rc5 Nf5 19. Rfc1 Nxd4 20. Nxd4 Rxd4 21. Rxc6 Rxc6 22. Rxc6 Qb4 23. Qf6+ Kh6 24. g3 Qe1+ 25. Kg2 Qe4+ 26. Kh3 Qe2 27. Kg2 Qe4+ 1/2-1/2

[Event "Mittelfranken-ch QT 60th"]
[Site "Buechenbach/Roth"]
[Date "2011.04.22"]
[Round "5"]
[White "Dorner, Hans"]
[Black "Dreiseitel, Werner"]
[Result "1/2-1/2"]
[WhiteElo "1611"]
[BlackElo "1540"]
[PlyCount "77"]
[EventDate "2011.04.20"]
[EventType "swiss"]
[EventRounds "7"]
[EventCountry "GER"]
[SourceTitle "CBM 142 Extra"]
[Source "ChessBase"]
[SourceDate "2011.06.27"]
[SourceVersion "1"]
[SourceVersionDate "2011.06.27"]
[SourceQuality "1"]

1. e4 c6 2. Nc3 d5 3. d4 dxe4 4. Nxe4 Bf5 5. Ng3 Bg6 6. Nf3 Nd7 7. Bc4 e6 8. Bg5 Qc7 9. Qe2 Ngf6 10. Ne5 Nxe5 11. dxe5 Nd5 12. 0-0 Bc5 13. Ne4 Bxe4 14. Qxe4 0-0 15. Bd3 g6 16. Bc4 Be7 17. h4 Rad8 18. Bh6 Rfe8 19. h5 Bf8 20. Bg5 Rd7 21. g3 Bg7 22. f4 Qb6+ 23. Kh2 Ne3 24. Bd3 Nxf1+ 25. Rxf1 Qxb2 26. Kh3 Qd4 27. hxg6 fxg6 28. Qh1 h6 29. Bxg6 Rf8 30. Kg4 Bxe5 31. Qxh6 Bf6 32. Rh1 Rff7 33. Bxf6 Qxf6 34. Bh7+ Rxh7 35. Qxf6 Rdg7+ 36. Kf3 Rxh1 37. Qxe6+ Kh7 38. Qf5+ Kg8 39. Qe6+ 1/2-1/2

[Event "Mittelfranken-ch QT 60th"]
[Site "Buechenbach/Roth"]
[Date "2011.04.21"]
[Round "4"]
[White "Lutter, Maximilian"]
[Black "Dorner, Hans"]
[Result "0-1"]
[WhiteElo "1314"]
[BlackElo "1611"]
[PlyCount "44"]
[EventDate "2011.04.20"]
[EventType "swiss"]
[EventRounds "7"]
[EventCountry "GER"]
[SourceTitle "CBM 142 Extra"]
[Source "ChessBase"]
[SourceDate "2011.06.27"]
[SourceVersion "1"]
[SourceVersionDate "2011.06.27"]
[SourceQuality "1"]

1. e4 d5 2. exd5 Qxd5 3. Nc3 Qa5 4. d4 Nf6 5. Nf3 Bg4 6. Be2 e6 7. 0-0 c6 8. Bf4 Nbd7 9. Re1 Bb4 10. Bd2 Qc7 11. h3 Bh5 12. Ne4 Be7 13. Nxf6+ gxf6 14. Nh4 Bg6 15. Nxg6 hxg6 16. Qc1 g5 17. c4 0-0-0 18. d5 Ne5 19. f4 Ng6 20. fxg5 Qg3 21. Qc3 Rxh3 22. Bg4 Qh2+ 0-1

[Event "Mittelfranken-chTB2b 0910"]
[Site "Mittelfranken"]
[Date "2009.10.11"]
[Round "1.8"]
[White "Dorner, Hans"]
[Black "Classen, Jakob"]
[Result "0-1"]
[WhiteElo "1648"]
[BlackElo "1587"]
[PlyCount "64"]
[EventDate "2009.10.11"]
[EventType "team-tourn"]
[EventRounds "9"]
[EventCountry "GER"]
[SourceTitle "EXT 2011"]
[Source "ChessBase"]
[SourceDate "2010.11.26"]
[SourceVersion "1"]
[SourceVersionDate "2010.11.26"]
[SourceQuality "1"]
[WhiteTeam "Heideck/Hilpoltstein"]
[BlackTeam "Buechenbach/Roth II"]
[WhiteTeamCountry "GER"]
[BlackTeamCountry "GER"]

1. e4 Nf6 2. Nc3 d5 3. e5 Nfd7 4. d4 e6 5. Nf3 c5 6. Be3 Nc6 7. dxc5 Ncxe5 8. Bb5 Nc6 9. Nd4 Qc7 10. Qg4 Nxc5 11. Nxc6 bxc6 12. Bxc5 Qe5+ 13. Be3 cxb5 14. Nxb5 Qxb2 15. Nc7+ Kd8 16. Nxa8 Qxa1+ 17. Kd2 Qb2 18. Bxa7 Bb4+ 19. Ke2 Ba6+ 20. Kf3 Qc3+ 21. Be3 d4 22. Rd1 Bb7+ 23. Ke2 Qxc2+ 24. Bd2 d3+ 25. Ke1 Bxd2+ 26. Rxd2 Qc1+ 27. Qd1 Qxd1+ 28. Rxd1 Bxa8 29. Rxd3+ Ke7 30. f3 Rb8 31. a4 Rb1+ 32. Kf2 Ra1 0-1

[Event "Mittelfrankenliga-B2b 0708"]
[Site "Mittelfranken"]
[Date "2008.01.13"]
[Round "4.8"]
[White "Dorner, Hans"]
[Black "Hauf, Hans Juergen"]
[Result "1-0"]
[WhiteElo "1667"]
[BlackElo "1762"]
[PlyCount "81"]
[EventDate "2007.10.14"]
[EventType "team-tourn"]
[EventRounds "9"]
[EventCountry "GER"]
[SourceTitle "EXT 2011"]
[Source "ChessBase"]
[SourceDate "2010.11.26"]
[SourceVersion "1"]
[SourceVersionDate "2010.11.26"]
[SourceQuality "1"]
[WhiteTeam "Heideck/Hilpoltstein"]
[BlackTeam "Muehlhof"]
[WhiteTeamCountry "GER"]
[BlackTeamCountry "GER"]

1. e4 c6 2. Nc3 d5 3. Nf3 Bg4 4. exd5 cxd5 5. Bb5+ Nc6 6. h3 Bh5 7. g4 Bg6 8. Ne5 Rc8 9. Qf3 e6 10. h4 h5 11. Nxg6 fxg6 12. g5 a6 13. Bf1 Nge7 14. Bh3 Nf5 15. Qe2 Kf7 16. Bxf5 gxf5 17. g6+ Kxg6 18. Qxe6+ Qf6 19. Qxc8 Qf7 20. Rg1+ Kh7 21. Rg5 Nd4 22. Qb8 Nf3+ 23. Kf1 Nxg5 24. hxg5 d4 25. Ne2 Qd5 26. Qh2 g6 27. Qg2 Qd7 28. d3 Bb4 29. a3 Bd6 30. Qd5 Re8 31. Bf4 Qe7 32. Bxd6 Qxe2+ 33. Kg1 Qg4+ 34. Bg3 Re7 35. Qd6 Qxg5 36. Kf1 h4 37. Qf4 Kh6 38. Qxh4+ Qxh4 39. Bxh4 g5 40. Bg3 f4 41. Bh2 1-0

[Event "Mittelfrankenliga-B2b 0607"]
[Site "Mittelfranken"]
[Date "2006.10.22"]
[Round "1.8"]
[White "Dorner, Hans"]
[Black "Koehl, Marco"]
[Result "1-0"]
[WhiteElo "1679"]
[BlackElo "1502"]
[PlyCount "115"]
[EventDate "2006.10.22"]
[EventType "team-tourn"]
[EventRounds "9"]
[EventCountry "GER"]
[SourceTitle "EXT 2011"]
[Source "ChessBase"]
[SourceDate "2010.11.26"]
[SourceVersion "1"]
[SourceVersionDate "2010.11.26"]
[SourceQuality "1"]
[WhiteTeam "Heideck/Hilpoltstein"]
[BlackTeam "Rothenburg"]
[WhiteTeamCountry "GER"]
[BlackTeamCountry "GER"]

1. e4 e5 2. Nf3 Nc6 3. Bb5 Bc5 4. c3 Nf6 5. 0-0 a6 6. Ba4 b5 7. Bc2 d5 8. Nxe5 Nxe5 9. d4 Bxd4 10. cxd4 Nc4 11. Bg5 h6 12. Bxf6 gxf6 13. b3 Nb6 14. Nc3 Rg8 15. Kh1 Bb7 16. Re1 Kf8 17. exd5 Nxd5 18. Nxd5 Bxd5 19. Be4 Rg5 20. f4 Rg8 21. Qh5 Bxe4 22. Rxe4 Qd7 23. Rae1 Qc6 24. Kg1 Rd8 25. Qxh6+ Rg7 26. Qh8+ Rg8 27. Qh3 Rg6 28. f5 Rg5 29. Qh6+ Kg8 30. Qh3 Kg7 31. Rh4 Rg8 32. Rh7+ Kf8 33. Qh6+ R5g7 34. Rxg7 Rxg7 35. Re2 Qd6 36. Re4 Qc6 37. Rg4 Qc3 38. Qxg7+ Ke7 39. Re4+ Kd7 40. Qxf7+ Kc8 41. Re8+ Kb7 42. Qd5+ Kb6 43. Qc5+ Qxc5 44. dxc5+ Kxc5 45. Re6 Kd4 46. Rxf6 Ke5 47. Rxa6 Kxf5 48. Rc6 Ke4 49. Rxc7 Kd5 50. a4 b4 51. a5 Kd6 52. Rc4 Kd5 53. Rxb4 Kc5 54. Rb8 Kc6 55. a6 Kd7 56. a7 Kc7 57. a8Q Kd7 58. Qa6 1-0

[Event "Mittelfrankenliga-B2b 0506"]
[Site "Germany"]
[Date "2006.04.02"]
[Round "8.8"]
[White "Dorner, Hans"]
[Black "Moosberger, Guenther"]
[Result "1/2-1/2"]
[WhiteElo "1697"]
[BlackElo "1626"]
[PlyCount "32"]
[EventDate "2005.10.16"]
[EventType "team"]
[EventRounds "9"]
[EventCountry "GER"]
[SourceTitle "EXT 2007"]
[Source "ChessBase"]
[SourceDate "2006.11.23"]
[SourceVersion "1"]
[SourceVersionDate "2006.11.23"]
[SourceQuality "1"]

1. e4 e6 2. d4 d5 3. Nc3 Nf6 4. e5 Nfd7 5. f4 c5 6. Nf3 Nc6 7. Be3 cxd4 8. Nxd4 Bc5 9. Qd2 Nxd4 10. Bxd4 Bxd4 11. Qxd4 a6 12. 0-0-0 b5 13. g4 Qb6 14. Qxb6 Nxb6 15. f5 b4 16. Ne2 exf5 1/2-1/2

[Event "Mittelfranken-ch QT 50th"]
[Site "Buechenbach"]
[Date "2001.??.??"]
[Round "1"]
[White "Dorner, Hans"]
[Black "Ringler, Claus"]
[Result "1-0"]
[WhiteElo "1777"]
[BlackElo "1403"]
[PlyCount "61"]
[EventDate "2001.04.11"]
[EventType "swiss"]
[EventRounds "7"]
[EventCountry "GER"]
[SourceTitle "EXT 2015"]
[Source "ChessBase"]
[SourceDate "2014.11.20"]
[SourceVersion "1"]
[SourceVersionDate "2014.11.20"]
[SourceQuality "1"]

1. e4 e6 2. d4 d5 3. Nc3 dxe4 4. Nxe4 Nd7 5. Nf3 Ngf6 6. Bg5 Be7 7. Ng3 h6 8. Be3 Nd5 9. Bd3 Nxe3 10. fxe3 c6 11. 0-0 0-0 12. c4 Nf6 13. e4 Ng4 14. Qe2 e5 15. h3 Bh4 16. Nh1 h5 17. hxg4 hxg4 18. Nxh4 Qxh4 19. Qf2 Qxf2+ 20. Rxf2 exd4 21. Ng3 g6 22. Raf1 Be6 23. e5 a6 24. Ne4 b5 25. b3 Bf5 26. Nf6+ Kg7 27. Bxf5 gxf5 28. Rxf5 Rad8 29. Rg5+ Kh6 30. Rxg4 d3 31. Rf3 1-0

[Event "Mittelfranken-ch QT 50th"]
[Site "Buechenbach"]
[Date "2001.??.??"]
[Round "3"]
[White "Dorner, Hans"]
[Black "Schraufl, Wolfhardt"]
[Result "0-1"]
[WhiteElo "1777"]
[BlackElo "1912"]
[PlyCount "84"]
[EventDate "2001.04.11"]
[EventType "swiss"]
[EventRounds "7"]
[EventCountry "GER"]
[SourceTitle "EXT 2015"]
[Source "ChessBase"]
[SourceDate "2014.11.20"]
[SourceVersion "1"]
[SourceVersionDate "2014.11.20"]
[SourceQuality "1"]

1. e4 e5 2. Nf3 d6 3. d4 Nd7 4. Bc4 c6 5. 0-0 Be7 6. c3 Ngf6 7. Re1 0-0 8. d5 Qc7 9. Bg5 h6 10. Bh4 Rb8 11. a4 b5 12. axb5 cxb5 13. Bd3 Nc5 14. Bxf6 Bxf6 15. Na3 Nxd3 16. Qxd3 Bd7 17. Nc2 a5 18. Rec1 Be7 19. Ne3 g6 20. c4 b4 21. c5 Bb5 22. Nc4 Qxc5 23. b3 Kg7 24. Qd2 Bxc4 25. Rxc4 Qb5 26. Rac1 a4 27. bxa4 Qxa4 28. Rb1 Rfc8 29. Rxc8 Rxc8 30. h3 b3 31. Kh2 Rc2 32. Qd1 Qxe4 33. Rxb3 Rxf2 34. Rb7 Bd8 35. Rd7 Qf4+ 36. Kh1 Qg3 37. Qg1 e4 38. Rxd8 Ra2 39. Qd4+ f6 40. Rd7+ Kg8 41. Nh4 Qxh4 42. Qb6 Ra1+ 0-1